Integrating the Computer with your Business / (Record no. 186028)
[ view plain ]
| 000 -LEADER | |
|---|---|
| fixed length control field | 00946 a2200181 4500 |
| 003 - CONTROL NUMBER IDENTIFIER | |
| control field | Nust |
| 005 - DATE AND TIME OF LATEST TRANSACTION | |
| control field | 20230126115831.0 |
| 020 ## - INTERNATIONAL STANDARD BOOK NUMBER | |
| International Standard Book Number | 0470260847 |
| 040 ## - CATALOGING SOURCE | |
| Transcribing agency | Nust |
| 082 ## - DEWEY DECIMAL CLASSIFICATION NUMBER | |
| Classification number | 658.1552,POR |
| 100 ## - MAIN ENTRY--PERSONAL NAME | |
| Personal name | Porter |
| 9 (RLIN) | 107746 |
| 245 ## - TITLE STATEMENT | |
| Title | Integrating the Computer with your Business / |
| Statement of responsibility, etc. | Porter and Chapple |
| 260 ## - PUBLICATION, DISTRIBUTION, ETC. | |
| Place of publication, distribution, etc. | New York |
| Name of publisher, distributor, etc. | John Wiley |
| Date of publication, distribution, etc. | 1980 |
| 300 ## - PHYSICAL DESCRIPTION | |
| Extent | 308 p.; |
| 505 ## - FORMATTED CONTENTS NOTE | |
| Formatted contents note | What seems to be the Problem (Page-15), To Charge or not to Charge (Page-28), Computer services planning (Page-39), Project authorization (Page-46), The Structure of systems and Projects (Page-63), User Management and Control of systems (Page-86), Project Accounting (Page-119), Accounting for computer operation costs (Page-172), Finical and Management accounts (Page-196), Finical modeling and aid to planning (Page-232), Distrusted processing (Page-259), And Now (Page-295). |
| 650 ## - SUBJECT ADDED ENTRY--TOPICAL TERM | |
| Topical term or geographic name entry element | Computer with your Business |
| 9 (RLIN) | 107747 |
| 942 ## - ADDED ENTRY ELEMENTS (KOHA) | |
| Source of classification or shelving scheme | |
| Koha item type | Book |
| Call number prefix | 658.1552,POR |
| Withdrawn status | Lost status | Source of classification or shelving scheme | Damaged status | Not for loan | Permanent Location | Current Location | Shelving location | Date acquired | Full call number | Barcode | Date last seen | Price effective from | Koha item type | Public note |
|---|---|---|---|---|---|---|---|---|---|---|---|---|---|---|
| Military College of Signals (MCS) | Military College of Signals (MCS) | General Stacks | 12/12/2016 | 658.1552,POR | MCS20737 | 12/08/2016 | 12/12/2016 | Book | Amirah No. 55, Shelf No.1 |
